000 00836nmm a2200253 a 4500
001 ocm000702823
003 TR-IsHL
005 20201028154513.0
008 131121s2000 tu tur
007 cr cn
035 _a702823
_b(N$T)
050 0 4 _aTK7868
_b.S47[t 2000
090 0 4 _aTK7868
_b.S47[t 2000
100 1 _aSerin, Necmi
245 1 0 _aEntegre devreler
_h[electronic resource] /
_cNecmi Serin
260 _aAnkara :
_bAnkara Üniversitesi Fen Fakültesi,
_c2000
300 _a296 p.
650 4 _aMühendislik ve Teknoloji
650 4 _aEngineering and Technology
650 0 _aSayısal elektronik
650 0 _aDigital electronics
650 7 _aTECHNOLOGY & ENGINEERING / Electronics / Digital
_2bisacsh
856 4 0 _uhttp://search.ebscohost.com/login.aspx?direct=true&scope=site&db=e011xww&AN=702823
999 _c12609
_d12609